000
00309pam a2200157 a 4500
020
_c
041
_h
100
_a
K. M. Gokhale
245
_a
Organic And Inorganic Chemistry
250
_a
IIIrd
260
_c
1998
300
_a
182
653
_a
chemistry
700
_a
D. B. Kulkarni
930
_a
190
999
_c
246043
_d
246043